Najwiecej medali w dyscyplinach zdobytych przez Polaków - Statystyki

Ogólne statystyki
  • Ten quiz został rozwiązany 23 razy
  • Średni wynik to 9 z 14
Statystyki odpowiedzi
Medale Pora roku Dyscyplina % Poprawnych
5-5-10 Zimowa Skoki narciarskie
100%
80-90-100 Letnia Lekkoatletyka
91%
15-20-25 Letnia Boks
82%
4-5-6 Letnia Siatkówka
77%
10-15-20 Letnia Zapasy
73%
10-10-15 Letnia Judo
68%
25-30-35 Letnia Kajakarstwo
68%
5-10-12 Letnia Pływanie
68%
30-35-40 Letnia Szermierka
64%
5-10-15 Zimowa Łyżwiarstwo szybkie
59%
50-40-60 Letnia Podnoszenie ciężarów
55%
5-5-8 Zimowa Biathlon
50%
5-5-10 Letnia Strzelectwo
45%
5-4-4 Letnia Piłka ręczna
36%
Nie znaleziono quizów pasujących do podanych kryteriów
Rozkład punktacji
Procent ludzi z każdym wynikiem
Percentyl według liczby udzielonych odpowiedzi
Twoja historia wyników
Nie rozwiązałeś tego quizu